Statistics for Top 250 biggest cities by population

Click here to take the quiz!

General Stats

  • This quiz has been taken 64 times
  • The average score is 117 of 250

Answer Stats

CountryRankPopulationAnswer% Correct
China1312.8MBeijing
90%
China326.3MShanghai
90%
China142.3MGuangzhou
88%
United Kingdom2411.2MLondon
78%
Spain1122.7MBarcelona
76%
United Kingdom1352.2MBirmingham
76%
Turkey2311.6MIstanbul
76%
United States1612.4MLos Angeles
76%
Spain586.6MMadrid
76%
Mexico914.7MMexico City
76%
United States1014.7MNew York
76%
Japan237.8MTokyo
76%
Canada1082.9MToronto
76%
Poland1571.7MWarsaw
76%
Algeria993.4MAlgiers
75%
Greece1461.8MAthens
75%
Germany923.6MBerlin
75%
United States1142.7MChicago
75%
India422.0MDelhi
75%
Cuba1861.4MHavana
75%
Vietnam458.6MHo Chi Minh City
75%
Indonesia518.3MJakarta
75%
Peru379.5MLima
75%
United Kingdom1421.9MManchester
75%
Philippines615.8MManila
75%
France241776KMarseille
75%
Russia2012.0MMoscow
75%
France3210.1MParis
75%
Brazil2710.7MRio De Janeiro
75%
South Korea814.9MSeoul
75%
Austria1521.7MVienna
75%
Ethiopia983.4MAddis Ababa
73%
Netherlands1471.8MAmsterdam
73%
Turkey695.4MAnkara
73%
Australia1342.2MBrisbane
73%
Romania1511.8MBucharest
73%
Hungary1771.5MBudapest
73%
Argentina2111.8MBuenos Aires
73%
Venezuela1531.7MCaracas
73%
Morocco943.4MCasablanca
73%
United Arab Emirates1561.7MDubai
73%
South Africa2910.4MJohannesburg
73%
Afghanistan774.6MKabul
73%
Ukraine1441.9MKiev
73%
Malaysia1601.7MKuala Lumpur
73%
Australia754.9MMelbourne
73%
Somalia1402.0MMogadishu
73%
Kenya1013.1MNairobi
73%
Brazil1213.0MSao Paulo
73%
Russia735.2MSt Petersburg
73%
Australia764.6MSydney
73%
Iran2511.1MTehran
73%
Jordan884.0MAmman
71%
Iraq497.7MBaghdad
71%
Azerbaijan1412.0MBaku
71%
Serbia1921.4MBelgrade
71%
Colombia537.2MBogota
71%
Belgium2061.2MBrussels
71%
Egypt1113.9MCairo
71%
Denmark2131.1MCopenhagen
71%
Syria1701.6MDamascus
71%
Vietnam487.8MHanoi
71%
Sudan1382.0MKhartoum
71%
India2211.6MKolkata
71%
Nigeria1512.4MLagos
71%
Portugal2221.0MLisbon
71%
France1801.5MLyon
71%
Italy745.2MMilan
71%
Belarus1691.6MMinsk
71%
Uruguay244723KMontevideo
71%
Canada1641.7MMontreal
71%
India715.5MMumbai
71%
Japan1912.2MOsaka
71%
Australia1981.3MPerth
71%
North Korea1202.5MPyongyang
71%
Ecuador1681.6MQuito
71%
Italy1222.4MRome
71%
Netherlands1651.6MRotterdam
71%
Bosnia and Herzegovina1431.9MSarajevo
71%
Singapore655.6MSingapore
71%
Sweden2051.2MStockholm
71%
Switzerland2191.1MZurich
71%
Thailand1712.3MBangkok
69%
Bangladesh1412.7MDhaka
69%
Guatemala1551.7MGuatemala City
69%
Pakistan1812.2MKarachi
69%
United Kingdom1961.3MLeeds
69%
United Kingdom1991.3MLiverpool
69%
Chile675.6MSantiago
69%
Taiwan685.5MTaipei
69%
Libya231981KTripoli
69%
Tunisia248662KTunis
69%
Egypt725.2MAlexandria
67%
Belgium230986KAntwerp
67%
DR.Congo3010.2MKinshasa
67%
Italy1132.7MNaples
67%
Cambodia242744KPhnom Penh
67%
South Africa1302.3MPretoria
67%
Saudi Arabia715.2MRiyadh
67%
Uzbekistan1292.4MTashkent
67%
China2611.0MTianjin
67%
Ghana1791.5MAccra
65%
Syria1731.6MAlleppo
65%
Rep of Congo2021.3MBrazzaville
65%
India3310.0MChennai
65%
United Kingdom2161.1MGlasgow
65%
Italy237886KTurin
65%
Spain1871.4MValencia
65%
Brazil1182.5MBrasilia
63%
United States1312.3MHouston
63%
Angola2121.1MLuanda
63%
Colombia1372.1MMedellin
63%
Yemen2171.1MSana'a
63%
India3110.2MBangalore
61%
South Korea973.4MBusan
61%
Tanzania824.4MDar Es Salaam
61%
Turkey864.2MIzmir
61%
Pakistan2810.7MLahore
61%
Germany2041.2MMunich
59%
Japan349.8MNagoya
59%
Germany1951.3MHamburg
57%
Zimbabwe243742KHarare
57%
India566.8MHyderabad
57%
Saudi Arabia953.4MJeddah
57%
United Kingdom2241.0MNewcastle
57%
Germany645.7MThe Ruhr
57%
Cameroon1262.4MYaounde
57%
Cote'd'ivoire814.4MAbidjan
55%
United States2141.1MDallas
55%
Saudi Arabia1971.3MMecca
55%
Myanmar794.5MYangon
55%
Germany1481.8MFrankfurt
53%
Nicaragua2211.0MManagua
53%
United States1931.4MPhiladelphia
53%
India665.6MAhmedabad
51%
Colombia1491.8MCali
51%
Zambia1661.6MLusaka
51%
United States1711.6MPhoenix
51%
Bangladesh1192.5MChittagong
49%
Mozambique247668KMaputo
49%
Brazil1152.6MSalvador
49%
Kazakhstan2101.2MAlmaty
47%
Ecuador1242.4MGuayaquil
47%
Japan1901.4MSapporo
47%
Brazil1841.4MBelo Horizonte
45%
Nigeria616.4MKano
43%
United States2271.0MSan Francisco
43%
Germany2201.0MStuttgart
43%
Guinea240872KConakry
41%
Germany963.4MDusseldorf
41%
Morocco233928KMarrakech
41%
United Kingdom249518KSheffield
41%
Brazil1162.6MFortaleza
39%
Ukraine1911.4MKharkiv
39%
Russia2091.2MNizhny Novgorod
39%
Russia1821.5MNovosibirsk
39%
Brazil2181.1MRecife
39%
China389.4MXi'an
39%
Ukraine2251.0MDonetsk
37%
China369.6MWuhan
37%
India1023.1MPune
35%
United States1941.4MSan Diego
35%
China359.7MShenzhen
35%
Japan903.7MYokohama
35%
United States1831.5MSan Antonio
33%
Iran1451.9MIsfahan
31%
Ukraine236901KDnipro
29%
Egypt448.8MGiza
29%
China517.4MHong Kong
29%
Japan246675KKyoto
29%
Brazil1671.6MManaus
29%
Venezuela1881.4MMaracaibo
29%
Iran1033.0MMashhad
29%
India229993KAgra
27%
Indonesia1232.4MBandung
27%
Turkey1501.8MBursa
27%
South Korea1272.4MDaegu
27%
South Korea1062.9MIncheon
27%
India1043.0MJaipur
27%
Mexico1761.5MPuebla
27%
United States2281.0MAustin
25%
Brazil2001.3MCuritiba
25%
Japan232945KFukuoka
25%
Nigeria1053.0MIbadan
25%
India1102.8MLucknow
25%
India804.5MSurat
25%
Russia2261.0MVolgograd
25%
Pakistan1003.2MFaisalabad
24%
Mexico2031.3MTijuana
24%
China477.8MChengdu
22%
Indonesia1891.4MMedan
20%
United States2231.0MSan Jose
20%
Bolivia1781.5MSanta Cruz
20%
Iran1591.7MTabriz
20%
United States234922KJacksonville
18%
India1072.9MKanpur
18%
Taiwan1252.4MKaohsiung
18%
United Kingdom245712KLeicester
18%
Pakistan1362.1MRawalpindi
18%
Turkey1621.7MAdana
14%
India1611.7MBhopal
14%
China439.0MHangzhou
14%
China527.4MChangsha
12%
China636.1MDalian
12%
Sudan2111.1MOmdurman
12%
China429.0MQingdao
12%
China705.3MHarbin
10%
Germany250505KMannheim
10%
India1282.4MNagpur
10%
China468.1MShenyang
10%
China419.1MZhengzhou
10%
Pakistan1392.0MGujranwala
8%
Vietnam2081.2MHaiphong
8%
Pakistan1541.7MMultan
8%
Taiwan1112.8MTaichung
8%
China1172.5MUrumqi
8%
Venezuela238881KBarquisimeto
6%
United States235913KFort Worth
6%
China507.7MFuzhou
6%
China874.1MHefei
6%
China576.8MJinan
6%
India2011.3MPatna
6%
China844.3MSuzhou
6%
China547.2MChangchun
4%
China784.6MChangzhou
4%
China596.6MKunming
4%
China1212.5MLanzhou
4%
China933.5MNanchang
4%
Indonesia1851.4MPalembang
4%
China1322.2MShijiazhuang
4%
China606.4MWuxi
4%
China1811.5MBaotou
2%
Mexico2151.1MEcatepec
2%
China854.3MGuiyang
2%
Iraq239879KIrbil
2%
India2071.2MLudhiana
2%
China1751.5MLuoyang
2%
China556.9MNanning
2%
China893.8MTaiyuan
2%
China626.2MTangshan
2%
India1741.6MVadodara
2%
China913.6MXuzhou
2%
China834.4MZibo
2%
India1332.2MBasra
0%
China409.2MChonqing
0%
Mongolia1581.7MDatong
0%
Nigeria1721.6MMaidiguri
0%
China399.2MNangjin
0%
India1631.7MPimpri Chinchwad
0%
India1092.8MSurabaya
0%

Score Distribution

Percentile by Number Answered

Percent of People with Each Score

Your Score History

You have not taken this quiz